00938nam a2200241Ii 45000010005000000030009000050080041000140200015000550400033000700410008001030840012001111000032001232450053001552640064002083000012002723360026002843370028003103380027003389400050003659990017004159520132004329520132005648817CO-ViMGA241108s9999||||xx |||||||||||||| ||und|| a958612133X aCO-ViMGAbspaerdacCO-ViMGA0 aunk aP MUT2t1 aSantiago Mutis Duran95203110aTras las rutas de Magroll el Gaviero 1981 - 1988 1a[Lugar de publicación no identificado] : Colcultura, 1993 avolumen atextbtxt2rdacontent aunmediatedbn2rdamedia avolumebnc2rdacarrier aidficha_siabuc: 8620. -- ficha_no_siabuc:8817 c55209d55209 001040708012aMEVIGERRbMEVIGERRcLITd2006-11-27oP MUT2tpECA9201r2024-11-26 10:42:04tEj.1w2024-11-26yBKz8620 | 12070 001040708012aMEVIGERRbMEVIGERRcLITd2017-10-04oP MUT2tpECA6177r2024-11-26 10:42:04tEj.2w2024-11-26yBKz8620 | 12069